000 00759nam a2200241Ia 4500
003 OSt
005 20220918192606.0
006 a|||||r|||| 00| 0
007 ta
008 220917b |||||||| |||| 00| 0 eng d
024 _a69,223
037 _cTextual
040 _aARTS
_cARTS
_beng
041 _2eng
_aeng
082 _aQ4v44974, L4.2
100 _aOldfield H Ambrose
_979544
245 0 _aSketches form Nepal
_b historical and descriptive with an essay on Nepalese Buddhism and illustrations of religious mounments and architare
260 _aDelhi
_bCosmo
_c1974
500 _aOriginally published in 1880
650 _aRELIGION
942 _hQ4v44974, L4.2
_cTEXL
_2CC
999 _c195386
_d195386